Statistics for All MCU Pop Vinyl Characters

Click here to take the quiz!

General Stats

  • This quiz has been taken 414 times
    (84 since last reset)
  • The average score is 104 of 184

Answer Stats

Hint Answer % Correct
Iron Man 3Iron Man
96%
AvengersThor
96%
ThorThor
96%
AvengersIron Man
94%
Captain America: The Winter SoldierBlack Widow
92%
Captain America: The First AvengerCaptain America
92%
ThorLoki
91%
Captain America: The Winter SoldierWinter Soldier
89%
Avengers: EndgameHawkeye
89%
Avengers: Age of UltronHawkeye
87%
Avengers: EndgameRocket Raccoon
85%
Captain America: Civil WarSpider man
85%
Avengers: EndgameAnt Man
85%
Guardians of the GalaxyThanos
85%
Spider-Man: Far From HomeSpider-Man
85%
Guardians of the GalaxyGroot
85%
Ant ManAnt man
85%
Ant Man and the WaspHank Pym
85%
AvengersCaptain America
85%
AvengersHulk
85%
Guardians of the GalaxyGamora
83%
Ant Man and the WaspWasp
81%
Guardians of the GalaxyStar Lord
81%
Iron Man 3Tony Stark
81%
AvengersNick Fury
81%
Guardians of the GalaxyDrax
79%
Captain America: Civil WarBlack Panther
77%
Iron Man 3War Machine
75%
Avengers: Infinty WarBucky Barnes
75%
Avengers: Age of UltronScarlet Witch
75%
Thor: The dark worldOdin
74%
Avengers: Age of UltronUltron
74%
Guardians of the GalaxyNebula
74%
Doctor StrangeDoctor Strange
74%
Thor: RagnarokHela
68%
Captain America: Civil WarWar Machine
68%
Agents of SHIELDPhil Coulson
66%
Captain MarvelYon Rogg
66%
Captain America: Civil WarFalcon
66%
Captain MarvelCaptain Marvel
64%
Guardians of the galaxy vol.2Mantis
62%
Guardians of the GalaxyYondu
60%
Black PantherShuri
60%
Thor: RagnarokKorg
58%
DaredevilDaredevil
58%
Avengers: Age of UltronVision
58%
Jessica JonesJessica Jones
57%
Guardians of the galaxy vol.2Ego
57%
Black PantherErik Killmonger
57%
Captain MarvelMaria Rambeau
57%
Thor: RagnarokValkyrie
55%
Guardians of the GalaxyRonan
55%
Black PantherOkoye
53%
Spider-Man: Far From HomeMj
53%
Spider-Man: Far From HomeMysterio
53%
Avengers: EndgameWong
51%
Spider-Man: HomecomingVulture
51%
Captain America: Civil WarWinter Soldier
51%
Thor: RagnarokGrandmaster
49%
Captain America: The First AvengerStan Lee
47%
Thor: RagnarokBruce Banner
47%
Avengers: Infinty WarEbony Maw
45%
Spider-Man: Far From HomeHappy Hogan
45%
Ant ManYellowjacket
45%
Spider-Man: HomecomingPeter Parker
43%
Thor: The dark worldHeimdall
43%
Doctor StrangeKarl Mordo
42%
Thor: The dark worldSif
40%
Black PantherM'Baku
40%
Agents of SHIELDMelinda May
38%
Guardians of the GalaxyCollector
38%
Black PantherT'Challa
36%
Avengers: Infinty WarProxima Midnight
36%
Ant Man and the WaspGhost
34%
Black PantherNakia
34%
Captain MarvelGoose
32%
Guardians of the galaxy vol.2Taserface
32%
Avengers: Infinty WarCorvus Glaive
32%
Iron Man 3Iron Patriot
32%
Iron Man 3James Rhodes
32%
Doctor StrangeKaecilius
30%
Jessica JonesLuke Cage
30%
Agent CarterAgent Carter
30%
Ant Man and the WaspJanet Van Dyne
30%
DaredevilElektra
30%
Avengers: Infinty WarCull Obsidian
28%
Agents of SHIELDDaisy Johnson
28%
Captain America: Civil WarAgent 13
28%
Captain MarvelCarol Danvers
28%
Black WidowTaskmaster
28%
Guardians of the galaxy vol.2Baby groot
28%
Captain MarvelTalos
26%
Doctor StrangeThe ancient one
26%
Avengers: Age of UltronHulkbuster
25%
Avengers: Infinty WarIron Spider
25%
Black WidowRed Guardian
25%
Thor: RagnarokSurtur
25%
RunawaysAlex Wilder
25%
Guardians of the GalaxyRocket Raccoon
25%
Guardians of the galaxy vol.2Rocket raccoon
25%
RunawaysChase Stein
23%
Guardians of the galaxy vol.2Kraglin
23%
Captain MarvelKorath
23%
Captain America: Civil WarGiant Man
21%
Captain America: Civil WarCrossbones
21%
DaredevilMatt Murdock
21%
RunawaysGert Yorkes
21%
Spider-Man: Far From HomeMolten-Man
21%
RunawaysNico Minoru
21%
Spider-Man: Far From HomePeter Parker
21%
DaredevilPunisher
21%
RunawaysKarolina Dean
19%
RunawaysMolly Hernandez
19%
Black WidowNatasha Romanoff
19%
Spider-Man: Far From HomeHydro-Man
19%
Avengers: EndgameRescue
17%
DaredevilWilson Fisk
17%
Black PantherKlaue
17%
Avengers: Infinty WarEitri
15%
Thor: The dark worldDark Elf
15%
Captain MarvelMinn-Erva
15%
Black WidowYelena Belova
13%
Captain MarvelVers
11%
Iron ManIron Man Mark 1
11%
Guardians of the GalaxyCosmo
9%
Avengers: Infinty WarStonekeeper
8%
Iron Man 3Deep Space Suit
8%
Avengers: Infinty WarYoung Gamora
6%
Avengers: Infinty WarHulk in hulkbuster
6%
DaredevilMasked Vigilante
6%

Score Distribution

Percentile by Number Answered

Percent of People with Each Score

Your Score History

You have not taken this quiz since the last reset